[Event "ODJM A 2025"]
[Site "Willingen GER"]
[Date "2025.06.09"]
[Round "3"]
[White "Beduschi, Ben"]
[Black "Ye, Philipp"]
[Result "1/2-1/2"]
[Termination "normal"]
[Board "22"]
[WhiteElo "2017"]
[BlackElo "1863"]
[WhiteClock "00:13:01"]
[BlackClock "00:14:53"]
[PlyCount "188"]
[WhiteFideId "16273443"]
[BlackFideId "34646787"]
[EventCountry "GER"]
[EventRounds "9"]
[EventType "swiss"]
[EventDate "2025.06.07"]

1. d4 {[%clk 01:30:34]} {[%emt 00:00:24]} d5 {[%clk 01:30:30]} {[%emt
00:00:30]} 2. Nf3 {[%clk 01:30:53]} {[%emt 00:00:10]} Nf6 {[%clk 01:30:41]}
{[%emt 00:00:21]} 3. c3 {[%clk 01:31:15]} {[%emt 00:00:06]} Bf5 {[%clk
01:28:42]} {[%emt 00:02:29]} 4. Qb3 {[%clk 01:31:08]} {[%emt 00:00:38]} Qc8
{[%clk 01:29:07]} {[%emt 00:00:05]} 5. c4 {[%clk 01:31:27]} {[%emt 00:00:11]}
c6 {[%clk 01:29:32]} {[%emt 00:00:05]} 6. Nc3 {[%clk 01:31:38]} {[%emt
00:00:18]} e6 {[%clk 01:28:46]} {[%emt 00:01:17]} 7. cxd5 {[%clk 01:31:38]}
{[%emt 00:00:30]} cxd5 {[%clk 01:19:24]} {[%emt 00:09:52]} 8. Bf4 {[%clk
01:29:09]} {[%emt 00:02:58]} Nc6 {[%clk 01:16:55]} {[%emt 00:03:01]} 9. e3
{[%clk 01:22:57]} {[%emt 00:06:41]} Bb4 {[%clk 01:15:13]} {[%emt 00:02:12]} 10.
Be2 {[%clk 01:18:41]} {[%emt 00:04:45]} O-O {[%clk 01:13:26]} {[%emt 00:02:17]}
11. O-O {[%clk 01:07:08]} {[%emt 00:12:04]} Bxc3 {[%clk 00:57:57]} {[%emt
00:15:59]} 12. Qxc3 {[%clk 00:58:48]} {[%emt 00:08:50]} Qd8 {[%clk 00:56:21]}
{[%emt 00:02:05]} 13. Rfc1 {[%clk 00:53:50]} {[%emt 00:05:28]} Ne4 {[%clk
00:49:56]} {[%emt 00:06:55]} 14. Qa3 {[%clk 00:53:56]} {[%emt 00:00:24]} g5
{[%clk 00:46:21]} {[%emt 00:04:05]} 15. Bg3 {[%clk 00:45:49]} {[%emt 00:08:36]}
h5 {[%clk 00:46:24]} {[%emt 00:00:29]} 16. Bd3 {[%clk 00:45:48]} {[%emt
00:00:32]} h4 {[%clk 00:45:08]} {[%emt 00:01:45]} 17. Bxe4 {[%clk 00:40:21]}
{[%emt 00:05:57]} dxe4 {[%clk 00:45:26]} {[%emt 00:00:11]} 18. Bd6 {[%clk
00:40:45]} {[%emt 00:00:06]} exf3 {[%clk 00:45:44]} {[%emt 00:00:13]} 19. Bxf8
{[%clk 00:41:07]} {[%emt 00:00:07]} Qxf8 {[%clk 00:46:09]} {[%emt 00:00:05]}
20. Qxf8+ {[%clk 00:41:21]} {[%emt 00:00:18]} Kxf8 {[%clk 00:44:59]} {[%emt
00:01:40]} 21. gxf3 {[%clk 00:41:48]} {[%emt 00:00:01]} Rd8 {[%clk 00:44:42]}
{[%emt 00:00:47]} 22. Rc5 {[%clk 00:33:28]} {[%emt 00:08:50]} f6 {[%clk
00:43:19]} {[%emt 00:01:54]} 23. a3 {[%clk 00:26:00]} {[%emt 00:07:57]} Ke7
{[%clk 00:41:43]} {[%emt 00:02:06]} 24. b4 {[%clk 00:24:21]} {[%emt 00:02:10]}
a6 {[%clk 00:41:01]} {[%emt 00:01:11]} 25. b5 {[%clk 00:22:45]} {[%emt
00:02:06]} axb5 {[%clk 00:41:25]} {[%emt 00:00:06]} 26. Rxb5 {[%clk 00:23:11]}
{[%emt 00:00:05]} Rd7 {[%clk 00:41:29]} {[%emt 00:00:26]} 27. Ra2 {[%clk
00:17:24]} {[%emt 00:06:17]} Bd3 {[%clk 00:40:36]} {[%emt 00:01:22]} 28. Rc5
{[%clk 00:16:07]} {[%emt 00:01:46]} Ba6 {[%clk 00:31:43]} {[%emt 00:09:25]} 29.
f4 {[%clk 00:07:22]} {[%emt 00:09:15]} gxf4 {[%clk 00:24:14]} {[%emt 00:07:59]}
30. Kg2 {[%clk 00:04:18]} {[%emt 00:03:35]} fxe3 {[%clk 00:19:38]} {[%emt
00:05:06]} 31. fxe3 {[%clk 00:04:44]} {[%emt 00:00:04]} Kd6 {[%clk 00:19:22]}
{[%emt 00:00:45]} 32. Rf2 {[%clk 00:04:25]} {[%emt 00:00:48]} f5 {[%clk
00:18:32]} {[%emt 00:01:22]} 33. Rf4 {[%clk 00:03:52]} {[%emt 00:01:02]} Rg7+
{[%clk 00:13:33]} {[%emt 00:05:30]} 34. Kf3 {[%clk 00:03:03]} {[%emt 00:01:18]}
h3 {[%clk 00:12:41]} {[%emt 00:01:22]} 35. Rh4 {[%clk 00:03:13]} {[%emt
00:00:19]} Bf1 {[%clk 00:12:06]} {[%emt 00:01:06]} 36. Kf2 {[%clk 00:03:15]}
{[%emt 00:00:28]} Bg2 {[%emt 00:00:26]} 37. Rb5 {[%emt 00:00:01]} Ne7 {[%clk
00:09:33]} {[%emt 00:03:06]} 38. Rb6+ {[%clk 00:02:04]} {[%emt 00:02:12]} Nc6
{[%clk 00:08:32]} {[%emt 00:01:31]} 39. Rb5 {[%clk 00:02:26]} {[%emt 00:00:08]}
Rc7 {[%clk 00:07:11]} {[%emt 00:01:50]} 40. Rh6 {[%clk 00:01:54]} {[%emt
00:01:02]} Ne7 {[%clk 00:04:54]} {[%emt 00:02:48]} 41. Re5 {[%clk 00:11:26]}
{[%emt 00:20:57]} Bd5 {[%clk 00:32:25]} {[%emt 00:03:00]} 42. Kg3 {[%clk
00:10:07]} {[%emt 00:01:49]} Rc3 {[%clk 00:30:58]} {[%emt 00:01:58]} 43. Kxh3
{[%clk 00:09:18]} {[%emt 00:01:18]} f4 {[%clk 00:30:05]} {[%emt 00:01:24]} 44.
Kg4 {[%clk 00:08:52]} {[%emt 00:00:55]} fxe3 {[%clk 00:30:03]} {[%emt
00:00:32]} 45. Kf4 {[%clk 00:07:21]} {[%emt 00:02:00]} Rxa3 {[%clk 00:29:57]}
{[%emt 00:00:37]} 46. h4 {[%clk 00:06:52]} {[%emt 00:00:59]} b5 {[%clk
00:28:27]} {[%emt 00:02:01]} 47. h5 {[%clk 00:07:00]} {[%emt 00:00:22]} b4
{[%clk 00:28:19]} {[%emt 00:00:38]} 48. Rh8 {[%clk 00:04:56]} {[%emt 00:02:34]}
b3 {[%clk 00:25:07]} {[%emt 00:03:43]} 49. Rxe3 {[%clk 00:03:38]} {[%emt
00:01:47]} b2 {[%clk 00:24:32]} {[%emt 00:01:06]} 50. Rb8 {[%clk 00:04:06]}
{[%emt 00:00:01]} Rxe3 {[%clk 00:15:47]} {[%emt 00:09:16]} 51. Kxe3 {[%clk
00:04:34]} {[%emt 00:00:01]} Nf5+ {[%clk 00:15:48]} {[%emt 00:00:29]} 52. Kf4
{[%clk 00:02:54]} {[%emt 00:02:10]} Nxd4 {[%clk 00:15:34]} {[%emt 00:00:44]}
53. Rxb2 {[%clk 00:03:02]} {[%emt 00:00:22]} Nf5 {[%clk 00:15:50]} {[%emt
00:00:14]} 54. Kg5 {[%clk 00:02:36]} {[%emt 00:00:56]} Ke7 {[%clk 00:13:09]}
{[%emt 00:03:11]} 55. h6 {[%clk 00:02:17]} {[%emt 00:00:48]} Nxh6 {[%clk
00:13:32]} {[%emt 00:00:08]} 56. Kxh6 {[%clk 00:02:45]} {[%emt 00:00:02]} Kf6
{[%clk 00:13:50]} {[%emt 00:00:13]} 57. Kh5 {[%clk 00:03:05]} {[%emt 00:00:09]}
Kf5 {[%clk 00:14:07]} {[%emt 00:00:14]} 58. Rf2+ {[%clk 00:03:26]} {[%emt
00:00:08]} Ke5 {[%clk 00:14:28]} {[%emt 00:00:08]} 59. Kg4 {[%clk 00:03:49]}
{[%emt 00:00:07]} Ke4 {[%clk 00:14:32]} {[%emt 00:00:27]} 60. Re2+ {[%clk
00:04:02]} {[%emt 00:00:17]} Kd3 {[%clk 00:14:12]} {[%emt 00:00:50]} 61. Re5
{[%clk 00:04:24]} {[%emt 00:00:08]} Kd4 {[%clk 00:13:55]} {[%emt 00:00:47]} 62.
Kf4 {[%clk 00:04:52]} {[%emt 00:00:01]} Kc5 {[%clk 00:14:10]} {[%emt 00:00:16]}
63. Ke3 {[%clk 00:05:04]} {[%emt 00:00:18]} Kd6 {[%clk 00:14:29]} {[%emt
00:00:11]} 64. Kd4 {[%clk 00:05:31]} {[%emt 00:00:03]} Kc6 {[%clk 00:14:51]}
{[%emt 00:00:08]} 65. Rh5 {[%clk 00:05:37]} {[%emt 00:00:24]} Kd6 {[%clk
00:15:11]} {[%emt 00:00:10]} 66. Rh8 {[%clk 00:06:01]} {[%emt 00:00:06]} Kd7
{[%clk 00:15:33]} {[%emt 00:00:07]} 67. Kc5 {[%clk 00:06:21]} {[%emt 00:00:11]}
Ke7 {[%clk 00:15:51]} {[%emt 00:00:12]} 68. Rh6 {[%clk 00:06:44]} {[%emt
00:00:06]} Kf7 {[%clk 00:16:04]} {[%emt 00:00:18]} 69. Kd6 {[%clk 00:06:58]}
{[%emt 00:00:15]} Kg7 {[%clk 00:16:18]} {[%emt 00:00:17]} 70. Rh2 {[%clk
00:07:17]} {[%emt 00:00:10]} Kg6 {[%clk 00:16:32]} {[%emt 00:00:16]} 71. Rf2
{[%clk 00:07:39]} {[%emt 00:00:09]} Kg5 {[%clk 00:16:45]} {[%emt 00:00:17]} 72.
Ke5 {[%clk 00:07:53]} {[%emt 00:00:16]} Kg4 {[%clk 00:16:59]} {[%emt 00:00:17]}
73. Rf6 {[%clk 00:07:51]} {[%emt 00:00:31]} Kg5 {[%clk 00:17:16]} {[%emt
00:00:12]} 74. Rf1 {[%clk 00:08:07]} {[%emt 00:00:13]} Kg4 {[%clk 00:17:39]}
{[%emt 00:00:09]} 75. Kf6 {[%clk 00:08:23]} {[%emt 00:00:14]} Kg3 {[%clk
00:17:04]} {[%emt 00:01:05]} 76. Kg5 {[%clk 00:08:37]} {[%emt 00:00:15]} Bg2
{[%clk 00:16:39]} {[%emt 00:00:56]} 77. Re1 {[%clk 00:08:58]} {[%emt 00:00:08]}
Bd5 {[%clk 00:16:59]} {[%emt 00:00:11]} 78. Re3+ {[%clk 00:09:17]} {[%emt
00:00:11]} Kf2 {[%clk 00:17:21]} {[%emt 00:00:08]} 79. Kf4 {[%clk 00:09:41]}
{[%emt 00:00:04]} Bc4 {[%clk 00:17:02]} {[%emt 00:00:50]} 80. Rc3 {[%clk
00:09:52]} {[%emt 00:00:20]} Bd5 {[%clk 00:15:28]} {[%emt 00:02:05]} 81. Rc2+
{[%clk 00:10:09]} {[%emt 00:00:12]} Ke1 {[%clk 00:15:28]} {[%emt 00:00:30]} 82.
Ke3 {[%clk 00:10:10]} {[%emt 00:00:28]} Kd1 {[%clk 00:15:10]} {[%emt 00:00:49]}
83. Rd2+ {[%clk 00:10:34]} {[%emt 00:00:06]} Kc1 {[%clk 00:15:11]} {[%emt
00:00:29]} 84. Kd3 {[%clk 00:10:50]} {[%emt 00:00:15]} Be4+ {[%clk 00:14:47]}
{[%emt 00:00:53]} 85. Kc3 {[%clk 00:11:10]} {[%emt 00:00:10]} Bf5 {[%clk
00:14:52]} {[%emt 00:00:25]} 86. Rd4 {[%clk 00:10:49]} {[%emt 00:00:51]} Kb1
{[%clk 00:14:15]} {[%emt 00:01:07]} 87. Rd1+ {[%clk 00:10:59]} {[%emt
00:00:19]} Ka2 {[%clk 00:14:40]} {[%emt 00:00:06]} 88. Rc1 {[%clk 00:11:23]}
{[%emt 00:00:06]} Be4 {[%clk 00:14:55]} {[%emt 00:00:16]} 89. Rd1 {[%clk
00:11:29]} {[%emt 00:00:22]} Bf5 {[%clk 00:15:06]} {[%emt 00:00:20]} 90. Rd4
{[%clk 00:11:52]} {[%emt 00:00:07]} Ka3 {[%clk 00:15:12]} {[%emt 00:00:24]} 91.
Rb4 {[%clk 00:11:55]} {[%emt 00:00:26]} Ka2 {[%clk 00:14:22]} {[%emt 00:01:20]}
92. Rb2+ {[%clk 00:12:17]} {[%emt 00:00:09]} Ka3 {[%clk 00:14:40]} {[%emt
00:00:12]} 93. Re2 {[%clk 00:12:39]} {[%emt 00:00:07]} Ka4 {[%clk 00:14:53]}
{[%emt 00:00:17]} 94. Rxe6 {[%clk 00:13:01]} {[%emt 00:00:09]} Bxe6 {[%emt
00:00:17]} 1/2-1/2

[Event "ODJM A 2025"]
[Site "Willingen GER"]
[Date "2025.06.09"]
[Round "3"]
[White "Kraus, Linus"]
[Black "Astner, Sebastian"]
[Result "1-0"]
[Termination "normal"]
[Board "23"]
[WhiteElo "1886"]
[BlackElo "1930"]
[WhiteClock "00:12:31"]
[BlackClock "00:01:00"]
[PlyCount "79"]
[WhiteFideId "34629629"]
[BlackFideId "12979422"]
[EventCountry "GER"]
[EventRounds "9"]
[EventType "swiss"]
[EventDate "2025.06.07"]

1. Nf3 {[%clk 01:30:56]} {[%emt 00:00:04]} Nf6 {[%clk 01:30:54]} {[%emt
00:00:11]} 2. g3 {[%clk 01:31:21]} {[%emt 00:00:02]} d5 {[%clk 01:31:16]}
{[%emt 00:00:06]} 3. Bg2 {[%clk 01:31:44]} {[%emt 00:00:06]} c5 {[%clk
01:31:30]} {[%emt 00:00:18]} 4. O-O {[%clk 01:32:06]} {[%emt 00:00:06]} e6
{[%clk 01:31:59]} {[%emt 00:00:02]} 5. d4 {[%clk 01:32:23]} {[%emt 00:00:13]}
cxd4 {[%clk 01:32:25]} {[%emt 00:00:04]} 6. Nxd4 {[%clk 01:32:42]} {[%emt
00:00:10]} e5 {[%clk 01:32:52]} {[%emt 00:00:04]} 7. Nf3 {[%clk 01:32:59]}
{[%emt 00:00:14]} Nc6 {[%clk 01:32:43]} {[%emt 00:00:38]} 8. c4 {[%clk
01:33:04]} {[%emt 00:00:25]} Be6 {[%clk 01:31:30]} {[%emt 00:01:44]} 9. cxd5
{[%clk 01:32:57]} {[%emt 00:00:36]} Nxd5 {[%clk 01:31:45]} {[%emt 00:00:14]}
10. Ng5 {[%clk 01:31:30]} {[%emt 00:01:57]} Bc5 {[%clk 01:28:31]} {[%emt
00:03:45]} 11. Nxe6 {[%clk 01:29:16]} {[%emt 00:02:43]} fxe6 {[%clk 01:28:57]}
{[%emt 00:00:05]} 12. Nd2 {[%clk 01:29:33]} {[%emt 00:00:13]} O-O {[%clk
01:24:35]} {[%emt 00:04:51]} 13. Ne4 {[%clk 01:29:16]} {[%emt 00:00:47]} Bd4
{[%clk 01:22:43]} {[%emt 00:02:23]} 14. e3 {[%clk 01:28:13]} {[%emt 00:01:32]}
Bb6 {[%clk 01:23:05]} {[%emt 00:00:09]} 15. b3 {[%clk 01:28:22]} {[%emt
00:00:21]} Qe7 {[%clk 01:22:02]} {[%emt 00:01:33]} 16. Bb2 {[%clk 01:28:02]}
{[%emt 00:00:50]} Rfd8 {[%clk 01:19:17]} {[%emt 00:03:15]} 17. Qe2 {[%clk
01:27:38]} {[%emt 00:00:54]} Rac8 {[%clk 01:18:25]} {[%emt 00:01:22]} 18. a3
{[%clk 01:21:32]} {[%emt 00:06:36]} Na5 {[%clk 01:13:19]} {[%emt 00:05:35]} 19.
Bxe5 {[%clk 01:18:39]} {[%emt 00:03:22]} Nxb3 {[%clk 01:12:05]} {[%emt
00:01:45]} 20. Rab1 {[%clk 01:18:11]} {[%emt 00:00:59]} Na5 {[%clk 01:06:30]}
{[%emt 00:06:05]} 21. Qh5 {[%clk 01:09:32]} {[%emt 00:09:08]} Nc4 {[%clk
00:53:23]} {[%emt 00:13:38]} 22. Bh3 {[%clk 01:06:07]} {[%emt 00:03:55]} Rc6
{[%clk 00:45:24]} {[%emt 00:08:29]} 23. Bd4 {[%clk 01:00:38]} {[%emt 00:05:59]}
Bxd4 {[%clk 00:37:22]} {[%emt 00:08:32]} 24. exd4 {[%clk 01:00:51]} {[%emt
00:00:16]} Nxa3 {[%clk 00:35:27]} {[%emt 00:02:26]} 25. Rb3 {[%clk 00:52:59]}
{[%emt 00:08:21]} Nc2 {[%clk 00:31:20]} {[%emt 00:04:38]} 26. Rd1 {[%clk
00:35:11]} {[%emt 00:18:18]} b6 {[%clk 00:26:06]} {[%emt 00:05:44]} 27. Rf3
{[%clk 00:29:50]} {[%emt 00:05:50]} h6 {[%clk 00:19:35]} {[%emt 00:07:01]} 28.
Qg6 {[%clk 00:28:08]} {[%emt 00:02:12]} Rf8 {[%clk 00:14:40]} {[%emt 00:05:25]}
29. Rxf8+ {[%clk 00:27:58]} {[%emt 00:00:39]} Kxf8 {[%clk 00:15:07]} {[%emt
00:00:05]} 30. Qh7 {[%clk 00:27:35]} {[%emt 00:00:53]} Nf6 {[%clk 00:14:37]}
{[%emt 00:01:00]} 31. Nxf6 {[%clk 00:27:11]} {[%emt 00:00:53]} Qxf6 {[%clk
00:14:27]} {[%emt 00:00:40]} 32. d5 {[%clk 00:26:51]} {[%emt 00:00:51]} exd5
{[%clk 00:00:55]} {[%emt 00:14:01]} 33. Bd7 {[%clk 00:17:55]} {[%emt 00:09:26]}
Rc7 {[%clk 00:00:32]} {[%emt 00:00:54]} 34. Rxd5 {[%clk 00:14:07]} {[%emt
00:04:16]} Qa1+ {[%clk 00:00:40]} {[%emt 00:00:23]} 35. Kg2 {[%clk 00:14:30]}
{[%emt 00:00:08]} Ne1+ {[%clk 00:01:07]} {[%emt 00:00:02]} 36. Kh3 {[%clk
00:14:51]} {[%emt 00:00:08]} Kf7 {[%clk 00:00:40]} {[%emt 00:00:58]} 37. Qe4
{[%clk 00:13:18]} {[%emt 00:02:03]} g6 {[%clk 00:00:42]} {[%emt 00:00:29]} 38.
Be8+ {[%clk 00:13:01]} {[%emt 00:00:47]} Kg7 {[%clk 00:00:39]} {[%emt
00:00:32]} 39. Qxg6+ {[%clk 00:12:33]} {[%emt 00:00:58]} Kh8 {[%clk 00:01:00]}
{[%emt 00:00:09]} 40. Bf7 {[%clk 00:12:31]} {[%emt 00:00:31]} 1-0

[Event "ODJM A 2025"]
[Site "Willingen GER"]
[Date "2025.06.09"]
[Round "3"]
[White "Grunert, Wilhelm"]
[Black "Hofmann, Benjamin"]
[Result "0-1"]
[Termination "normal"]
[Board "24"]
[WhiteElo "1892"]
[BlackElo "1944"]
[WhiteClock "00:01:40"]
[BlackClock "00:28:03"]
[PlyCount "58"]
[WhiteFideId "12995673"]
[BlackFideId "16270266"]
[EventCountry "GER"]
[EventRounds "9"]
[EventType "swiss"]
[EventDate "2025.06.07"]

1. e4 {[%clk 01:30:58]} {[%emt 00:00:01]} c6 {[%clk 01:30:55]} {[%emt
00:00:05]} 2. d4 {[%clk 01:31:23]} {[%emt 00:00:07]} d5 {[%clk 01:31:21]}
{[%emt 00:00:02]} 3. exd5 {[%clk 01:31:43]} {[%emt 00:00:09]} cxd5 {[%clk
01:31:38]} {[%emt 00:00:12]} 4. c4 {[%clk 01:31:59]} {[%emt 00:00:14]} Nf6
{[%clk 01:32:03]} {[%emt 00:00:05]} 5. Nc3 {[%clk 01:32:17]} {[%emt 00:00:13]}
g6 {[%clk 01:32:25]} {[%emt 00:00:08]} 6. Qb3 {[%clk 01:32:14]} {[%emt
00:00:33]} Bg7 {[%clk 01:32:44]} {[%emt 00:00:11]} 7. cxd5 {[%clk 01:32:05]}
{[%emt 00:00:38]} O-O {[%clk 01:33:04]} {[%emt 00:00:10]} 8. g3 {[%clk
01:31:48]} {[%emt 00:00:47]} Na6 {[%clk 01:31:21]} {[%emt 00:02:14]} 9. Bg2
{[%clk 01:24:17]} {[%emt 00:08:01]} Qb6 {[%clk 01:22:05]} {[%emt 00:09:45]} 10.
Qxb6 {[%clk 01:17:40]} {[%emt 00:07:08]} axb6 {[%clk 01:19:59]} {[%emt
00:02:35]} 11. a3 {[%clk 01:17:00]} {[%emt 00:01:11]} Nb4 {[%clk 01:16:30]}
{[%emt 00:03:58]} 12. Kd1 {[%clk 01:04:33]} {[%emt 00:12:57]} Rd8 {[%clk
01:13:26]} {[%emt 00:03:33]} 13. Nge2 {[%clk 01:00:54]} {[%emt 00:04:10]} Nbxd5
{[%clk 01:07:23]} {[%emt 00:06:34]} 14. Nxd5 {[%clk 00:53:01]} {[%emt
00:08:22]} Nxd5 {[%clk 01:06:31]} {[%emt 00:01:22]} 15. Be3 {[%clk 00:52:48]}
{[%emt 00:00:43]} e5 {[%clk 00:56:29]} {[%emt 00:10:33]} 16. Bxd5 {[%clk
00:46:12]} {[%emt 00:07:06]} Rxd5 {[%clk 00:56:39]} {[%emt 00:00:19]} 17. Nc3
{[%clk 00:45:12]} {[%emt 00:01:31]} Bg4+ {[%clk 00:54:28]} {[%emt 00:02:40]}
18. Kc2 {[%clk 00:43:11]} {[%emt 00:02:32]} Rc8 {[%clk 00:52:33]} {[%emt
00:02:25]} 19. dxe5 {[%clk 00:40:43]} {[%emt 00:02:58]} Bxe5 {[%clk 00:51:12]}
{[%emt 00:01:50]} 20. a4 {[%clk 00:23:21]} {[%emt 00:17:53]} b5 {[%clk
00:43:57]} {[%emt 00:07:44]} 21. Kb3 {[%clk 00:17:28]} {[%emt 00:06:24]} bxa4+
{[%clk 00:41:42]} {[%emt 00:02:45]} 22. Nxa4 {[%clk 00:09:32]} {[%emt
00:08:25]} Rb5+ {[%clk 00:38:03]} {[%emt 00:04:09]} 23. Ka3 {[%clk 00:08:09]}
{[%emt 00:01:53]} Ra8 {[%clk 00:32:53]} {[%emt 00:05:40]} 24. b3 {[%clk
00:05:05]} {[%emt 00:03:34]} Bxa1 {[%clk 00:32:54]} {[%emt 00:00:30]} 25. Rxa1
{[%clk 00:05:33]} {[%emt 00:00:02]} Be6 {[%clk 00:31:18]} {[%emt 00:02:05]} 26.
b4 {[%clk 00:05:13]} {[%emt 00:00:50]} Re5 {[%clk 00:28:15]} {[%emt 00:03:33]}
27. Kb2 {[%clk 00:05:09]} {[%emt 00:00:34]} Re4 {[%clk 00:27:23]} {[%emt
00:01:21]} 28. Bc5 {[%clk 00:02:59]} {[%emt 00:02:41]} Re2+ {[%clk 00:27:38]}
{[%emt 00:00:15]} 29. Kc1 {[%clk 00:01:40]} {[%emt 00:01:50]} Re1+ {[%clk
00:28:03]} {[%emt 00:00:04]} 0-1

[Event "ODJM A 2025"]
[Site "Willingen GER"]
[Date "2025.06.09"]
[Round "3"]
[White "Werner, Florin"]
[Black "Krause, Enrico"]
[Result "1/2-1/2"]
[Termination "normal"]
[Board "25"]
[WhiteElo "1970"]
[BlackElo "1792"]
[WhiteClock "00:31:52"]
[BlackClock "00:21:36"]
[PlyCount "95"]
[WhiteFideId "16250230"]
[BlackFideId "34618490"]
[EventCountry "GER"]
[EventRounds "9"]
[EventType "swiss"]
[EventDate "2025.06.07"]

1. e4 {[%clk 01:30:15]} {[%emt 00:00:44]} c6 {[%clk 01:30:56]} {[%emt
00:00:04]} 2. d4 {[%clk 01:30:11]} {[%emt 00:00:34]} d5 {[%clk 01:31:22]}
{[%emt 00:00:04]} 3. e5 {[%clk 01:30:16]} {[%emt 00:00:24]} c5 {[%clk
01:31:49]} {[%emt 00:00:04]} 4. dxc5 {[%clk 01:29:37]} {[%emt 00:01:08]} e6
{[%clk 01:32:12]} {[%emt 00:00:08]} 5. Be3 {[%clk 01:29:31]} {[%emt 00:00:35]}
Nd7 {[%clk 01:32:37]} {[%emt 00:00:06]} 6. Bb5 {[%clk 01:28:53]} {[%emt
00:01:07]} Ne7 {[%clk 01:33:01]} {[%emt 00:00:07]} 7. c3 {[%clk 01:27:41]}
{[%emt 00:01:41]} Nf5 {[%clk 01:33:26]} {[%emt 00:00:05]} 8. Bd4 {[%clk
01:27:41]} {[%emt 00:00:29]} Be7 {[%clk 01:33:48]} {[%emt 00:00:09]} 9. Nf3
{[%clk 01:15:19]} {[%emt 00:12:52]} O-O {[%clk 01:34:12]} {[%emt 00:00:06]} 10.
Bd3 {[%clk 01:12:20]} {[%emt 00:03:29]} Nxc5 {[%clk 01:25:14]} {[%emt
00:09:28]} 11. Bxc5 {[%clk 01:07:38]} {[%emt 00:05:13]} Bxc5 {[%clk 01:25:35]}
{[%emt 00:00:08]} 12. O-O {[%clk 01:05:53]} {[%emt 00:02:15]} a5 {[%clk
01:07:40]} {[%emt 00:18:26]} 13. Nbd2 {[%clk 01:00:28]} {[%emt 00:05:54]} a4
{[%clk 01:01:04]} {[%emt 00:07:07]} 14. Qc2 {[%clk 00:59:03]} {[%emt 00:01:54]}
g6 {[%clk 00:58:22]} {[%emt 00:03:13]} 15. Bxf5 {[%clk 00:56:34]} {[%emt
00:02:59]} exf5 {[%clk 00:57:33]} {[%emt 00:01:18]} 16. Nd4 {[%clk 00:54:56]}
{[%emt 00:02:08]} Qc7 {[%clk 00:56:28]} {[%emt 00:01:35]} 17. N4f3 {[%clk
00:49:25]} {[%emt 00:06:01]} f4 {[%clk 00:53:29]} {[%emt 00:03:30]} 18. Qd3
{[%clk 00:45:45]} {[%emt 00:04:09]} Rd8 {[%clk 00:46:50]} {[%emt 00:07:10]} 19.
Rfe1 {[%clk 00:37:32]} {[%emt 00:08:41]} Bf5 {[%clk 00:36:38]} {[%emt
00:10:43]} 20. Qe2 {[%clk 00:35:34]} {[%emt 00:02:28]} Rac8 {[%clk 00:34:26]}
{[%emt 00:02:42]} 21. Nh4 {[%clk 00:30:49]} {[%emt 00:05:15]} Be6 {[%clk
00:31:55]} {[%emt 00:03:01]} 22. g3 {[%clk 00:28:01]} {[%emt 00:03:17]} fxg3
{[%clk 00:26:03]} {[%emt 00:06:23]} 23. hxg3 {[%clk 00:28:22]} {[%emt
00:00:09]} d4 {[%clk 00:23:40]} {[%emt 00:02:53]} 24. Nhf3 {[%clk 00:11:49]}
{[%emt 00:17:03]} a3 {[%clk 00:14:23]} {[%emt 00:09:47]} 25. cxd4 {[%clk
00:09:17]} {[%emt 00:03:01]} axb2 {[%clk 00:14:41]} {[%emt 00:00:13]} 26. Rab1
{[%clk 00:09:08]} {[%emt 00:00:39]} Ba3 {[%clk 00:14:33]} {[%emt 00:00:38]} 27.
Nb3 {[%clk 00:03:10]} {[%emt 00:06:27]} Bxb3 {[%clk 00:10:41]} {[%emt
00:04:23]} 28. axb3 {[%clk 00:03:35]} {[%emt 00:00:05]} Qc2 {[%clk 00:11:05]}
{[%emt 00:00:06]} 29. Nd2 {[%clk 00:02:01]} {[%emt 00:02:04]} Rxd4 {[%clk
00:10:19]} {[%emt 00:01:15]} 30. Nc4 {[%clk 00:02:25]} {[%emt 00:00:06]} Qxb3
{[%clk 00:05:30]} {[%emt 00:05:20]} 31. Nxa3 {[%clk 00:02:43]} {[%emt
00:00:13]} Qxa3 {[%clk 00:05:53]} {[%emt 00:00:07]} 32. Rxb2 {[%clk 00:02:58]}
{[%emt 00:00:14]} Re4 {[%clk 00:04:33]} {[%emt 00:01:50]} 33. Qxe4 {[%clk
00:03:24]} {[%emt 00:00:04]} Qxb2 {[%clk 00:04:59]} {[%emt 00:00:05]} 34. e6
{[%clk 00:03:49]} {[%emt 00:00:03]} Qb3 {[%clk 00:04:10]} {[%emt 00:01:20]} 35.
exf7+ {[%clk 00:00:46]} {[%emt 00:03:33]} Qxf7 {[%clk 00:04:22]} {[%emt
00:00:17]} 36. Rb1 {[%clk 00:01:07]} {[%emt 00:00:09]} Rf8 {[%clk 00:03:23]}
{[%emt 00:01:30]} 37. f4 {[%clk 00:00:45]} {[%emt 00:00:51]} Rb8 {[%clk
00:02:23]} {[%emt 00:01:30]} 38. Qe5 {[%clk 00:00:35]} {[%emt 00:00:40]} Re8
{[%clk 00:02:11]} {[%emt 00:00:43]} 39. Qb5 {[%clk 00:00:37]} {[%emt 00:00:27]}
Re7 {[%clk 00:01:41]} {[%emt 00:01:00]} 40. Qb4 {[%clk 00:00:41]} {[%emt
00:00:27]} Qe6 {[%clk 00:01:16]} {[%emt 00:00:55]} 41. Qb3 {[%clk 00:00:36]}
{[%emt 00:00:35]} Qxb3 {[%clk 00:27:00]} {[%emt 00:04:45]} 42. Rxb3 {[%clk
00:31:00]} {[%emt 00:00:07]} Kf7 {[%clk 00:27:24]} {[%emt 00:00:06]} 43. Rb6
{[%clk 00:31:22]} {[%emt 00:00:08]} Ke8 {[%clk 00:23:45]} {[%emt 00:04:09]} 44.
Kf2 {[%clk 00:31:07]} {[%emt 00:00:45]} Kd8 {[%clk 00:23:57]} {[%emt 00:00:18]}
45. Kf3 {[%clk 00:31:10]} {[%emt 00:00:26]} Kc7 {[%clk 00:23:57]} {[%emt
00:00:31]} 46. Rb1 {[%clk 00:31:35]} {[%emt 00:00:04]} b6 {[%clk 00:22:18]}
{[%emt 00:02:10]} 47. g4 {[%clk 00:31:52]} {[%emt 00:00:12]} Kc6 {[%clk
00:21:36]} {[%emt 00:01:12]} 48. Ke4 {[%emt 00:00:54]} 1/2-1/2